000 01330cam a2200313 a 4500
001 5279626
005 20180110073307.0
008 950803s1994 ja a bc 000 0 jpn d
010 _a 95840289
035 _a(CStRLIN)DCLP95-B15917
040 _aKU
_cKU
_dMiU-A
_dDLC-R
_dDLC
041 0 _ajpneng
042 _alccopycat
066 _c$1
080 _a7 CLA
082 _27 CLA
100 1 _a44
101 _aART
245 1 0 _6880-01
_aMone ten =
_cshusai Ishibashi Zaidan Burijisuton Bijutsukan ... [et al.] ; [henshū Ishibashi Zaidan Burijisuton Bijutsukan, Nagoya-shi Bijutsukan ; tekisuto Pōru Heizu Takkaā ... [et al.]].
246 3 1 _aMonet, a retrospective
504 _aIncludes bibliographical references (p. 278-297).
880 1 0 _6245-01/$1
_aモネ展 =
_bMonet, a retrospective /
_c主催石橋財団ブリヂストン美術館 ... [et al.] ; [編集石橋財団ブリヂストン美術館, 名古屋市美術館 ; テキストポールヘイズタッカー ... [et al.]].
880 _6260-02/$1
_a名古屋市 :
_b中日新聞社,
_c1994.
880 2 _6710-03/$1
_aブリジストン美術館.
880 2 _6710-04/$1
_a名古屋市美術館.
880 2 _6710-05/$1
_aひろしま美術館.
906 _a7
_bcbc
_corignew
_d3
_encip
_f19
_gy-rlinjack
942 _2ddc
_cBK
999 _c39998
_d39998